00684nam a2200193Ia 4500008004100000020001800041082001700059100003900076245004500115250000700160260003200167300002900199500001900228600002100247650005000268942000700318952014800325999001700473240925s9999 xx 000 0 und d a9783319895741 a004.0151 TUR aTurner, Peter R.; Arildsen, Thomas 0aApplied scientific computing with python aNA aNew York:bSpringerc,2018. axiii, 242p.b0fOriginal aIncludes Index aComputer Science aComputer science, information & general works cBK 001040708CSaUITUbUITUd2019-09-25eGlobal Link Information Servicesg5603.02l0o004.0151 TURpQ15064r2024-09-25 07:17:34w0000-00-00yBK c17563d17563